| 000 | 00579nam a22002057a 4500 | ||
|---|---|---|---|
| 005 | 20260309101840.0 | ||
| 010 | _aENG-147876 | ||
| 020 |
_a9789349001657 _c299.00 |
||
| 035 | _aEN-131408 | ||
| 035 | _aEN-131408 | ||
| 037 | _bDBAD | ||
| 082 |
_aS _21 |
||
| 100 |
_aQuaze Sahar _988135 |
||
| 245 |
_aStill she Rise _cSahar Quaze |
||
| 250 | _a1 | ||
| 260 |
_aMaharastra _bVishwakarma Publication _c2025 |
||
| 270 |
_a34A/1';Suyog center'; 7th floor; Gultekadi Marketyard road;Giridhar bhavan Chowk; _bPune _e411037 |
||
| 300 |
_a166p. _c21cm(pb) |
||
| 942 |
_2ddc _hS _cEN _mQUA |
||
| 999 |
_c215397 _d215397 |
||